000 00453nam a2200145Ia 4500
003 OSt
005 20260130110210.0
008 211028s2018 xx 000 0 und d
040 _cAIMIT LIBRARY
041 _aeng
100 _aJoseph, Salmon; Kudtarkar, Ravi.
_g1616172
_97925
245 _aStudy on customer satisfaction towards the service quality of decathlon sports India pvt ltd /
260 _aMangalore
_bDivya Pereira.
_c2018
942 _2ddc
_cPRO
999 _c219493
_d219493